| 000 | 00636nam a2200181 i 4500 | ||
|---|---|---|---|
| 001 | bg | ||
| 100 | 1 | _aDUDCZAK, Jan | |
| 245 | 0 |
_aSynteza optymalnej instalacji oczyszczania gazów / _cJ. Dudczak. |
|
| 260 |
_aSzczecin, _c1984. |
||
| 490 | 1 |
_aPrace Naukowe Politechniki Szczecińskiej. Instytut Inżynierii Chemicznej i Chemii Fizycznej ; _vnr 32 |
|
| 500 | _aNumeracja ser. gł. : nr 271. | ||
| 830 | 0 |
_aPrace Naukowe Politechniki Szczecińskiej. _pInstytut Inżynierii Chemicznej i Chemii Fizycznej ; _vnr 32 |
|
| 040 | _cBPK | ||
| 041 | _apol | ||
| 080 | _a661:628.5 | ||
| 942 | _cKS | ||
| 008 | s pl f |000 0 pol | ||
| 999 |
_c23341 _d23341 |
||
| 856 |
_uhttp://koha.tu.koszalin.pl/cgi-bin/koha/opac-detail.pl?biblionumber=23341 _yKatalog online BPK |
||